| 000 | 00385nam a2200145Ia 4500 | ||
|---|---|---|---|
| 008 | 230312s9999||||xx |||||||||||||| ||und|| | ||
| 082 |
_a005.1 _bRUM-U |
||
| 100 | _aRumbaugh , James | ||
| 245 | 0 | _aUnified Modeling Language Reference Manual | |
| 260 |
_bAddision Wesley _aEngland _c1999 |
||
| 300 | _a548 | ||
| 546 | _aEng. | ||
| 650 |
_aComputer _vGoals, What is a Model ? |
||
| 942 | _cBK | ||
| 999 |
_c3275 _d3275 |
||